Statistics for U.S. State Trivia by Letter - B

Click here to take the quiz!

General Stats

  • This quiz has been taken 106 times
  • The average score is 20 of 25

Answer Stats

HintAnswer% Correct
First name of President ObamaBarack
100%
Animal featured on California's flagBear
99%
Capital and largest city of MassachusettsBoston
98%
Last name of the current U.S. PresidentBiden
96%
Capital of LouisianaBaton Rouge
93%
Capital of IdahoBoise
93%
Most populous city in MarylandBaltimore
91%
Range of mountains in the Appalachians{Blue} Ridge
91%
Body of water that separates Alaska from Russia{Bering} Strait
90%
Largest city in AlabamaBirmingham
84%
Capital of North DakotaBismarck
80%
Style of music named for a type of grassBluegrass
80%
Type of whiskey that Kentucky is known forBourbon
80%
Last name of brothers George and JebBush
78%
Religious region of the southern statesBible Belt
77%
Famous ice cream brand from VermontBen and Jerry's
75%
City of the University of ColoradoBoulder
71%
State animal of WisconsinBadger
70%
Term for a marshy Louisiana lakeBayou
67%
Most populous city in MontanaBillings
67%
New York city home to Bruce AlmightyBuffalo
65%
Largest land-dwelling mammalBison
60%
Nickname of Ohio{Buckeye} State
57%
Most populous city of ConnecticutBridgeport
49%
Official necktie of Arizona{Bolo} tie
38%

Score Distribution

Percentile by Number Answered

Percent of People with Each Score

Your Score History

You have not taken this quiz